| 000 | 00314nam a22001097a 4500 | ||
|---|---|---|---|
| 082 | _a621.3815363 CAM'P | ||
| 100 |
_aCAMIES, B. S _980445 |
||
| 245 | _aPRINCIPLES OF FREQUENCY MODULATIONS APPLICATIONS IN RADIO TRNSMITTERS AND RECIVERS AND RADAR | ||
| 260 |
_aNEWYORK _bILIFFE _c1959 |
||
| 300 | _a147P | ||
| 942 | _cBK | ||
| 999 |
_c585376 _d585376 |
||